| 000 | 00351 a2200133 4500 | ||
|---|---|---|---|
| 000 | nam a22 7a 4500 | ||
| 100 | _aMalinvaud, Edmond | ||
| 110 | _aMalinvaud, Edmond | ||
| 245 | _aStatistical Methods of Econometrics | ||
| 250 | _aLatest edition | ||
| 260 |
_bAcademic Publication _c2026 |
||
| 264 |
_bAcademic Publication _c2026 |
||
| 942 | _cBK | ||
| 999 |
_c395947 _d395947 |
||